Síntesis de la versión técnica del proyecto agricultura permanente : desarrollo y difusión de tecnología conservacionista.

Guardado en:
Autor Corporativo: Instituto Nacional de Tecnología Agropecuaria (Argentina)
Formato: Libro
Idioma:Spanish
Publicado: Buenos Aires : INTA, 1986.
Etiquetas: Agregar Etiqueta
Sin Etiquetas, Sea el primero en etiquetar este registro!
LEADER 00531nam a22001335a 4500
001 EEA.libagro003739
005 20190517105504.0
008 130809s1986####ag#a##########000#0#spa#d
082 0 4 |a 631.51 
110 2 |a Instituto Nacional de Tecnología Agropecuaria (Argentina) 
245 1 0 |a Síntesis de la versión técnica del proyecto agricultura permanente :  |b desarrollo y difusión de tecnología conservacionista. 
260 |a Buenos Aires :  |b INTA,  |c 1986. 
300 |a 21 p. :  |b il. ;  |c 26 cm. 
859 |a AR-BbBCA  |b BIB. AGRONOMIA  |h 631.51  |i A691  |p 1988/0976